[Event "Turkish Cup 2016"]
[Site "Manavgat TUR"]
[Date "2016.02.06"]
[Round "11.43"]
[White "Karaoglan, Kivanc"]
[Black "Ibik, Halit Yavuz"]
[Result "1/2-1/2"]
[WhiteElo "1982"]
[BlackElo "1843"]
[WhiteTeam "KAHRAMANMARAS"]
[BlackTeam "ANKARA"]
[WhiteFideId "6329152"]
[BlackFideId "6336108"]
[EventDate "2016.01.30"]

1. e4 c5 2. Nf3 d6 3. Bb5+ Bd7 4. Bxd7+ Qxd7 5. O-O Nc6 6. c3 Nf6 7. d4 cxd4 8.
cxd4 d5 9. e5 Ne4 10. Qe2 e6 11. Be3 Be7 12. Ne1 h6 13. f3 Ng5 14. Nd2 O-O 15.
Bf2 Rfc8 16. f4 Nh7 17. Nd3 Nb4 18. Nc5 Bxc5 19. dxc5 Na6 20. Rfc1 Nf8 21. a3
Nc7 22. b4 a5 23. Nb3 axb4 24. axb4 Ng6 25. g3 Ne7 26. Ra5 Rxa5 27. Nxa5 Nb5 28.
Qd3 Na7 29. Rb1 Nec6 30. Nc4 Rb8 31. b5 Ne7 32. Nd6 Nac8 33. Rc1 Ra8 34. Qc3 Rb8
35. c6 bxc6 36. bxc6 Qc7 37. Ne8 Qxc6 38. Qxc6 Nxc6 39. Nd6 N8e7 40. g4 f6 41.
exf6 gxf6 42. Re1 e5 43. Bh4 Nd4 44. Re3 Rb1+ 45. Kf2 Rb2+ 46. Kf1 Rb1+ 47. Kf2
Rb2+ 1/2-1/2

[Event "Turkish Cup 2016"]
[Site "Manavgat TUR"]
[Date "2016.02.06"]
[Round "11.44"]
[White "Demir, Hilmi Mustafa"]
[Black "Demircin, Kasim"]
[Result "1-0"]
[WhiteElo "1823"]
[BlackElo "1950"]
[WhiteTeam "ANTALYA"]
[BlackTeam "MUS"]
[WhiteFideId "6303099"]
[BlackFideId "6306098"]
[EventDate "2016.01.30"]

1. e4 c6 2. d4 d5 3. Nd2 dxe4 4. Nxe4 Nf6 5. Nxf6+ gxf6 6. c3 Bf5 7. Nf3 Nd7 8.
Bf4 Nb6 9. Be2 e6 10. a4 Nd5 11. Bg3 Qb6 12. Ra2 a5 13. O-O Bh6 14. Nh4 Bg6 15.
Bf3 Rd8 16. Qe2 Nf4 17. Bxf4 Bxf4 18. g3 Bc7 19. Re1 f5 20. Ng2 Kf8 21. h4 h5
22. Raa1 Bd6 23. Kh2 Qc7 24. Qe3 Qe7 25. Nf4 Qf6 26. Kg1 Kg7 27. Rad1 Rhe8 28.
Qc1 Bc7 29. Kg2 Rd7 30. Rh1 Red8 31. Nh3 Qe7 32. Qe3 f6 33. Rhe1 e5 34. dxe5
fxe5 35. Rxd7 Rxd7 36. Rd1 Rxd1 37. Bxd1 f4 38. Nxf4 Qf7 39. Nxg6 Qxg6 40. Qe2
Qd6 41. Qxh5 Bd8 42. Bb3 Qf6 43. Qe8 Bb6 44. Qg8+ Kh6 45. Qe6 Qxe6 46. Bxe6 Bc5
47. Bd7 Be7 48. Kh3 Bc5 49. f3 Be3 50. Kg4 Bf2 51. c4 Bd4 52. b3 Bf2 53. Bf5 Be3
54. Kh3 Kg7 55. g4 Kh6 56. g5+ Kg7 57. Kg4 c5 58. h5 b6 59. Be4 Kf7 60. Kf5 Bf4
61. Bd5+ Kg7 62. h6+ Kh7 63. Be4 Kh8 64. Kf6 Bd2 65. Kg6 Bf4 66. Kh5 1-0

[Event "Turkish Cup 2016"]
[Site "Manavgat TUR"]
[Date "2016.02.06"]
[Round "11.45"]
[White "Yelligedik, Murat"]
[Black "Yerden, Huseyin Eren"]
[Result "1-0"]
[WhiteElo "1936"]
[BlackElo "1744"]
[WhiteTeam "BURDUR"]
[BlackTeam "KAHRAMANMARAS"]
[WhiteFideId "6366457"]
[BlackFideId "6380557"]
[EventDate "2016.01.30"]

1. e4 c5 2. Nf3 d6 3. Bb5+ Bd7 4. Bxd7+ Qxd7 5. O-O Nf6 6. Qe2 Nc6 7. Rd1 g6 8.
c3 Bg7 9. d4 cxd4 10. cxd4 d5 11. e5 Ne4 12. Ne1 h6 13. Nc3 Nxc3 14. bxc3 O-O
15. Nd3 b6 16. Nf4 e6 17. h4 Rac8 18. h5 g5 19. Nh3 f5 20. exf6 Rxf6 21. f4 gxf4
22. Bxf4 Qf7 23. Rf1 Rf8 24. Rf2 Rf5 25. g4 Rf6 26. Raf1 Qe8 27. Bd6 Rxf2 28.
Nxf2 Rf7 29. Re1 Nd8 30. Nd3 Qc6 31. Be5 Qxc3 32. Rc1 Bxe5 33. Rxc3 Bxd4+ 34.
Kg2 Bxc3 35. Qe3 Bg7 36. Ne5 Rc7 37. g5 hxg5 38. Ng4 e5 39. h6 Rc4 40. Qxg5 Ne6
41. Qf5 Nf4+ 42. Kh2 Bh8 43. Nxe5 Bxe5 44. Qxe5 Rc2+ 45. Kg3 Ne2+ 46. Kh4 Rc4+
47. Kg5 Kf7 48. Qxd5+ 1-0

[Event "Turkish Cup 2016"]
[Site "Manavgat TUR"]
[Date "2016.02.06"]
[Round "11.47"]
[White "Aksoy, Atilla"]
[Black "Bircan, Selim"]
[Result "1-0"]
[WhiteElo "1767"]
[BlackElo "1968"]
[WhiteTeam "CANAKKALE"]
[BlackTeam "KONYA"]
[WhiteFideId "6332404"]
[BlackFideId "6315569"]
[EventDate "2016.01.30"]

1. d4 Nf6 2. Nf3 c5 3. c4 cxd4 4. Nxd4 Nc6 5. Nc3 e6 6. e4 Bb4 7. f3 Nxe4 8.
fxe4 Qh4+ 9. Ke2 Bxc3 10. bxc3 f5 11. Nf3 Qh5 12. exf5 O-O 13. Ke1 d5 14. Be3
exf5 15. Kf2 f4 16. Bc5 Be6 17. Bxf8 Rxf8 18. Be2 dxc4 19. Qd6 Qf5 20. Nd4 Nxd4
21. Qxd4 f3 22. gxf3 Bd5 23. Rhg1 g5 24. Rxg5+ 1-0

[Event "Turkish Cup 2016"]
[Site "Manavgat TUR"]
[Date "2016.02.06"]
[Round "11.48"]
[White "Ozturk, Yavuz"]
[Black "Gazioglu, Halit"]
[Result "0-1"]
[WhiteElo "1785"]
[BlackElo "1898"]
[WhiteTeam "KAHRAMANMARAS"]
[BlackTeam "GAZIANTEP"]
[WhiteFideId "6315348"]
[BlackFideId "6301932"]
[EventDate "2016.01.30"]

1. e4 e5 2. Nf3 Nc6 3. Bb5 a6 4. Ba4 Nf6 5. O-O Be7 6. Re1 b5 7. Bb3 O-O 8. d4
d6 9. c3 Bg4 10. Be3 exd4 11. cxd4 Na5 12. Bc2 Nc4 13. Bc1 c5 14. b3 Nb6 15. Bb2
Rc8 16. Nbd2 c4 17. bxc4 Nxc4 18. Nxc4 bxc4 19. Bc3 Qc7 20. Qe2 Bh5 21. Qe3 Bg6
22. d5 Ng4 23. Qd2 Bf6 24. Nd4 Qc5 25. Rf1 Rfe8 26. Rae1 Ne5 27. Re3 Nd3 28. Ne2
Bxc3 29. Nxc3 Ne5 30. h3 Rb8 31. Rb1 Rxb1+ 32. Bxb1 Rb8 33. Re1 h6 34. Kh1 Bh5
35. f4 Nd3 36. Bxd3 cxd3 37. Qxd3 Rc8 38. Re3 f6 39. g4 Be8 40. Kh2 Rb8 41. Kg3
Qa3 42. e5 fxe5 43. fxe5 Qc1 44. Ne2 Qe1+ 45. Kg2 Bb5 46. Qc3 Qd1 47. Ng3 Qxd5+
48. Kh2 Bc6 49. Re2 dxe5 50. Qxe5 Qxe5 51. Rxe5 Rb2+ 52. Re2 Rb1 53. Rd2 g6 54.
Rc2 Bd5 55. Rd2 Bb7 56. a4 a5 57. h4 Kf7 58. h5 gxh5 59. gxh5 Kf6 60. Re2 Kg5
61. Rd2 Rb4 62. Rd7 Rb2+ 63. Kg1 Bc6 64. Rd6 Bf3 65. Rg6+ Kf4 66. Nf1 Be4 67.
Rg7 Ra2 68. Rf7+ Kg5 69. Ne3 Rxa4 70. Kf2 Kxh5 71. Kg3 Kg6 72. Ra7 Ra1 73. Kf4
Bd3 74. Rd7 Ra4+ 75. Kg3 Be4 76. Rd6+ Kg5 77. Rb6 Rb4 78. Ra6 a4 79. Ra5+ Kg6
80. Ra6+ Kg7 81. Ra7+ Bb7 82. Nd5 Rb3+ 83. Kf4 a3 84. Ke5 Rb5 85. Ke6 Kf8 86.
Nf6 Bc8+ 87. Nd7+ Ke8 88. Kd6 Bxd7 89. Ra8+ Kf7 90. Kxd7 Rd5+ 91. Kc6 Rd3 92.
Kc5 h5 93. Kc4 Rf3 94. Kd4 h4 95. Ke4 Rb3 96. Kf5 h3 97. Ra7+ Ke8 98. Ke6 Rb6+
99. Kf5 Rh6 0-1